=LDR 00000nam 2200000 4500 =001 INLIS000000000054575 =005 20200213023936 =035 ##$$a 0010-0220000137 =007 ta =008 200213###########################0#ind## =020 ##$$a 978-979-055-535-8 =082 ##$$a 297.73 =084 ##$$a 297.73 Sri t =245 1#$$a Tokoh yang disebut dalam al-Qur'an /$c Sri Al Hidayati =300 ##$$a iii,29 halaman : $b Ilustrasi ; $c 27 Cm. =650 #4$$a Pendidikan Islam =700 #$$a Editor : Abdul Wahab =264 ##$$a Bandung :$b Sigma Kaya Imaji,$c 2018 =336 ##$$a teks$2 rdacontent =337 ##$$a lain-lain$2 rdamedia =338 ##$$a lain-lain$2 rdacarrier =990 ##$$a 09880988 =990 ##$$a 09880988